Match That Sixties Song to the Lyrics - Statistics

General Stats
  • This quiz has been taken 452 times
  • The average score is 13 of 25
Answer Stats
Year Hint Artist Answer % Correct
1961 "In the jungle, the mighty jungle..." The Tokens The Lion Sleeps Tonight
92%
1964 "There is a house way down in New Orleans" The Animals House of the Rising Sun
82%
1962 "And don't you come back no more, no more, no more, no more" Ray Charles Hit the Road Jack
78%
1963 "Well, shake it up baby now" The Beatles Twist and Shout
77%
1966 "All the leaves are brown, and the sky is gray. I went for a walk on a winter's day" The Mamas & the Papas California Dreamin'
76%
1967 "What you want, baby I got it. What you need, do you know I got it?" Aretha Franklin Respect
74%
1963 "And I'll cry if I want to, cry if I want to" Lesley Gore It's My Party
72%
1965 "I've got sunshine on a cloudy day, when it's cold outside I've got the month of May" The Temptations My Girl
68%
1965 "How does it feel, to be without a home, like a complete unknown..." Bob Dylan Like a Rolling Stone
63%
1963 "And frolicked in the autumn mist in a land called Honah Lee" Peter, Paul, and Mary Puff the Magic Dragon
63%
1968 "Cheer up, sleepy Jean, oh what can it mean" The Monkees Daydream Believer
58%
1966 "Parsley, sage, rosemary and thyme" Simon & Garfunkel Scarborough Fair/Canticle
58%
1968 "Please allow me to introduce myself, I'm a man of wealth and taste." The Rolling Stones Sympathy for the Devil
54%
1966 "I, I love the colorful clothes she wears, and the way the sunlight plays upon her hair." The Beach Boys Good Vibrations
50%
1965 "You never close your eyes anymore when I kiss your lips, and there's no tenderness like before in your fingertips" The Righteous Brothers You've Lost That Lovin' Feelin'
47%
1967 "There must be some way out of here, said the joker to the thief" Bob Dylan All Along the Watchtower
46%
1967 "You know the day destroys the night, night divides the day. Tried to run, tried to hide..." The Doors Break on Through (to the Other Side)
40%
1965 "Before you break my heart, think it over." The Supremes Stop in the Name of Love
37%
1968 "I bet you're wonderin' how I knew, 'bout your plans to make me blue with some other guy you knew before" Marvin Gaye Heard It Through the Grapevine
31%
1969 "Early in the evenin', just about supper time, they're over by the courthouse, starting to unwind" Creedence Clearwater Revival Down on the Corner
28%
1961 "Just because you've become a young man now, there's still some things that you don't understand now, my mama told me you better..." The Miracles Shop Around
23%
1966 "Oh she may be weary. Young girls, they do get wearied wearing that same old shaggy dress" Otis Redding Try a Little Tenderness
21%
1964 "I was born by the river in a little tent, oh and just like the river I've been running ever since" Sam Cook A Change Is Gonna Come
15%
1962 "The only thing different, the only thing new, I've got your picture..." Patsy Cline She's Got You
12%
1969 "Chestnut brown canary, ruby throated sparrow, sing a song, don't be long, thrill me to the marrow." Crosby, Stills, Nash & Young Suite: Judy Blue Eyes
11%
No matching quizzes found
Score Distribution
Percent of People with Each Score
Percentile by Number Answered
Your Score History
You have not taken this quiz